000 00210 a2200097 4500
001 3336
100 _aKotelawala, S.J
245 _aAsian prime inisters story an
260 _a
_bHarrap
_c
090 _c2614
_d2614
942 _aNUST-CAE
_cM
_c17936
999 _c238409
_d238409